Rozpočet obce ako základný nástroj riadenia a implementácie volebného programu

Legislatívne a ekonomické predpoklady zabezpečujúce fungovanie samosprávy. Zostavovanie a členenie rozpočtu obce. Rozpočtový proces.

Gespeichert in:
Bibliographische Detailangaben
1. Verfasser: Mahďáková, Janka
Format: Buchkapitel
Sprache:Slowakisch
Schlagworte:
Tags: Tag hinzufügen
Keine Tags, Fügen Sie das erste Tag hinzu!

MARC

LEADER 00000naa a2200000 4500
001 0148169
005 20231208081946.4
041 0 |a slo 
044 |a SK 
245 1 0 |a Rozpočet obce ako základný nástroj riadenia a implementácie volebného programu  |c Janka Mahďáková 
520 |a Legislatívne a ekonomické predpoklady zabezpečujúce fungovanie samosprávy. Zostavovanie a členenie rozpočtu obce. Rozpočtový proces. 
610 2 0 |a rozpočtovanie 
610 2 0 |a obce 
610 2 0 |a samospráva 
610 2 0 |a samospráva regionálna 
610 2 0 |a plán finančný 
100 1 |a Mahďáková, Janka